|
|
|
|
| LEADER |
00000cab a2200000 a 4500 |
| 001 |
044514 |
| 003 |
UAHC_CL |
| 005 |
20180827120707.0 |
| 008 |
160309s1995 000 spa |
| 952 |
|
|
|0 0
|1 0
|2 ddc
|4 0
|6 RECURSO_ELECTRONICO
|7 0
|8 BAS
|9 94482
|a BC
|b BC
|c Digital
|d 2021-03-18
|l 0
|o RECURSO ELECTRONICO
|r 2021-03-18 00:00:00
|w 2021-03-18
|y REVA
|A 61
|B ANT
|
| 999 |
|
|
|c 51056
|d 51056
|
| 040 |
|
|
|a UAHC_CL
|c UAHC_CL
|d UAHC_CL
|
| 100 |
|
|
|9 4617
|a Ancán Jara, José
|
| 245 |
|
|
|a Rostros y voces tras las máscaras y los enmascaramientos
|b : los mapuche urbanos
|c José Ancán Jara.
|
| 260 |
|
|
|c 1995
|
| 300 |
|
|
|a 9 p.
|
| 500 |
|
|
|a En: . II Congreso Chileno de Antropología (1995). Colegio de Antropólogos de Chile A. G, Valdivia. Sitio visitado (https://www.aacademica.org/ii.congreso.chileno.de.antropologia/46.pdf) el 27 de agosto de 2018.
|
| 526 |
|
|
|a Origen y evolución humana.
|
| 650 |
|
0 |
|9 854
|a Mapuches
|
| 653 |
|
|
|a Mapuches urbanos
|
| 856 |
|
|
|u https://www.aacademica.org/ii.congreso.chileno.de.antropologia/46.pdf
|y Sólo disponible en línea.
|
| 942 |
|
|
|c REVA
|2 ddc
|